[Event "Samara Polugaevsky Memorial 4th"]
[Site "Samara"]
[Date "2014.07.05"]
[Round "4"]
[White "Irgaliyev, Alikhan"]
[Black "Natacheev, Peter"]
[Result "1/2-1/2"]
[WhiteElo "2040"]
[BlackElo "2246"]
[PlyCount "56"]
[EventDate "2014.07.02"]
[EventType "swiss"]
[EventRounds "9"]
[EventCountry "RUS"]
[SourceTitle "CBM 161 Extra"]
[Source "ChessBase"]
[SourceDate "2014.08.29"]
[SourceVersion "1"]
[SourceVersionDate "2014.08.29"]
[SourceQuality "1"]

1. c4 c6 2. g3 d5 3. cxd5 cxd5 4. Bg2 Nf6 5. Nf3 Nc6 6. 0-0 Bf5 7. d3 g6 8. Qb3 Qd7 9. Bf4 Bg7 10. Ne5 Nxe5 11. Bxe5 Be6 12. Nc3 Rd8 13. Nb5 0-0 14. Nxa7 Bh3 15. d4 Bxg2 16. Kxg2 Ne4 17. Bxg7 Kxg7 18. Qb4 Nd6 19. a4 Qg4 20. Rfe1 e5 21. e4 f5 22. dxe5 fxe4 23. exd6 Qf3+ 24. Kg1 Qxf2+ 25. Kh1 Qf3+ 26. Kg1 Qf2+ 27. Kh1 Qf3+ 28. Kg1 Qf2+ 1/2-1/2

[Event "Lazarevskoe op"]
[Site "Lazarevskoe"]
[Date "2014.06.17"]
[Round "?"]
[White "Zakaryan, David"]
[Black "Natacheev, Peter"]
[Result "0-1"]
[WhiteElo "2191"]
[BlackElo "2246"]
[PlyCount "100"]
[EventDate "2014.06.14"]
[EventType "swiss"]
[EventRounds "9"]
[EventCountry "RUS"]
[SourceTitle "EXT 2015"]
[Source "ChessBase"]
[SourceDate "2014.11.20"]
[SourceVersion "1"]
[SourceVersionDate "2014.11.20"]
[SourceQuality "1"]

1. e4 e5 2. Nf3 Nc6 3. Bb5 Nf6 4. 0-0 Nxe4 5. d4 Nd6 6. dxe5 Nxb5 7. a4 Nd6 8. Bg5 f6 9. Re1 Nxe5 10. Nxe5 Be7 11. Qh5+ Kf8 12. Ng6+ hxg6 13. Qxh8+ Kf7 14. Qxd8 Bxd8 15. Bf4 Nc4 16. Nc3 g5 17. b3 Na5 18. Bg3 d6 19. Rad1 Nc6 20. Nd5 Bf5 21. Re2 Be6 22. c4 Ne5 23. c5 c6 24. Bxe5 dxe5 25. Nc3 Be7 26. Ne4 Bxb3 27. Rd7 b6 28. Red2 Ke6 29. Rb7 Bd5 30. cxb6 axb6 31. Nc3 Bc5 32. Rxg7 Bd4 33. Nxd5 Kxd5 34. Rd7+ Ke6 35. Rc7 Kd6 36. Rf7 Rxa4 37. g4 Ke6 38. Rc7 Rc4 39. Kf1 b5 40. Ke2 b4 41. Kd3 Rc3+ 42. Ke4 b3 43. Rb7 c5 44. Rd3 Rxd3 45. Kxd3 Kd5 46. Rd7+ Kc6 47. Rd8 c4+ 48. Kd2 c3+ 49. Kc1 Kc7 50. Rf8 Bxf2 0-1

[Event "Lazarevskoe op"]
[Site "Lazarevskoe"]
[Date "2014.06.14"]
[Round "?"]
[White "Natacheev, Peter"]
[Black "Skripnikov, Velori"]
[Result "1-0"]
[WhiteElo "2246"]
[BlackElo "1773"]
[PlyCount "73"]
[EventDate "2014.06.14"]
[EventType "swiss"]
[EventRounds "9"]
[EventCountry "RUS"]
[SourceTitle "EXT 2015"]
[Source "ChessBase"]
[SourceDate "2014.11.20"]
[SourceVersion "1"]
[SourceVersionDate "2014.11.20"]
[SourceQuality "1"]

1. e4 c6 2. d4 d5 3. exd5 cxd5 4. Bd3 Nc6 5. c3 e5 6. dxe5 Nxe5 7. Bb5+ Nc6 8. Nf3 Bg4 9. 0-0 Bc5 10. h3 Bxf3 11. Qxf3 Nge7 12. Nd2 0-0 13. Nb3 Bb6 14. Bf4 a6 15. Bd3 Ng6 16. Bg3 Nce5 17. Bxe5 Nxe5 18. Bxh7+ Kxh7 19. Qh5+ Kg8 20. Qxe5 Re8 21. Qh5 Qf6 22. Rad1 Re5 23. Qg4 Rd8 24. Kh1 Re4 25. Qg3 Re2 26. Rd2 Rde8 27. Qd3 Re1 28. Kg1 Qe5 29. g3 Re6 30. Rxe1 Qxe1+ 31. Kg2 Rf6 32. Nd4 Qe7 33. Nb3 Rd6 34. Re2 Qd8 35. Re5 d4 36. Qe4 Kf8 37. Rh5 1-0